000 00314nam a22001457a 4500
008 240206b ||||| |||| 00| 0 eng d
020 _a9780307887894
041 _aeng
080 _22011
_a33
082 _a33
100 _a24
101 _aBIZNES
245 _aTHE LEAN STARTUP
_cERIC RIES
942 _2udc
_cBK
999 _c60585
_d60585